000 00498nam a2200169 i 4500
001 82404
003 ES-MaACL
005 20230906174651.0
007 t|
008 041110m19721973sp ||||1| spa d
245 0 0 _aInformación laboral /
_cdirección técnica, Daniel Benavides Llorente.
260 _aValladolid :
_bLex-Nova,
_c[1972-1973]
300 _a2 v. ;
_c23 cm.
500 _aSon el Tomo I y III.
700 1 _aBenavides Llorente, Daniel.
_927459
852 _aES-MaACL
_jP-1653
_bR.81547
999 _c82404
_d82404